| 000 | 00391nam a22001457a 4500 | ||
|---|---|---|---|
| 003 | MACL | ||
| 005 | 20180426141309.0 | ||
| 008 | 180426b xxu||||| |||| 00| 0 eng d | ||
| 040 | _cMACl | ||
| 100 |
_aM. Laxmikant _972332 |
||
| 245 | _aAdministerative Theory For Civil Services Main Examination | ||
| 260 |
_aChennai _bmc Graw Hill _c2017 |
||
| 650 |
_aAdminstration _972333 |
||
| 942 |
_2ddc _cBK |
||
| 999 |
_c57931 _d57931 |
||